[Event "CZE-chT2F 1011"]
[Site "Czech Republic"]
[Date "2011.01.09"]
[Round "5.7"]
[White "Bachorik, Otto"]
[Black "Vasek, Vladimir"]
[Result "1-0"]
[WhiteElo "2159"]
[BlackElo "1964"]
[PlyCount "127"]
[EventDate "2010.10.17"]
[EventType "team-tourn"]
[EventRounds "11"]
[EventCountry "CZE"]
[SourceTitle "EXT 2012"]
[Source "ChessBase"]
[SourceDate "2011.11.24"]
[SourceVersion "1"]
[SourceVersionDate "2011.11.24"]
[SourceQuality "1"]
[WhiteTeam "Ostrava Labortech II"]
[BlackTeam "Senov"]
[WhiteTeamCountry "CZE"]
[BlackTeamCountry "CZE"]

1. Nf3 Nf6 2. d4 g6 3. g3 Bg7 4. Bg2 0-0 5. 0-0 d6 6. Re1 Nbd7 7. e4 e5 8. Nc3 Re8 9. h3 b6 10. Bg5 h6 11. Bxf6 Bxf6 12. Qd2 Bg7 13. Rad1 exd4 14. Nxd4 Bb7 15. Nd5 Bxd5 16. exd5 Bxd4 17. Qxd4 Qf6 18. Qa4 Rxe1+ 19. Rxe1 Nc5 20. Qc6 Qd8 21. h4 Nd7 22. Qa4 a5 23. Bh3 Nf6 24. Qd4 h5 25. Re3 Nd7 26. Qa4 Nf6 27. Qc6 Rb8 28. a4 Kg7 29. Qc4 Nd7 30. Qc3+ Kg8 31. b3 Nf6 32. Qc6 Kg7 33. Qc4 Kg8 34. Bg2 Nd7 35. Qe2 Nf6 36. Rc3 Qe8 37. Qxe8+ Nxe8 38. Bf1 Kf8 39. Bb5 Rb7 40. Bc6 Ra7 41. Re3 Nf6 42. f3 Kg7 43. Kf2 Kf8 44. Re1 Kg7 45. Ke3 Ng8 46. Kf4 f6 47. g4 hxg4 48. fxg4 Kf7 49. Re8 Ne7 50. Rd8 Nxc6 51. dxc6 Ke6 52. c4 Ke7 53. Rb8 Ke6 54. Rb7 Ra8 55. Rxc7 d5 56. Rb7 dxc4 57. bxc4 Ra6 58. h5 gxh5 59. gxh5 Kd6 60. c7 Kd7 61. h6 Kc8 62. Rb8+ Kxc7 63. Rf8 Kc6 64. h7 1-0

[Event "CZE-chT 0910"]
[Site "Czech Republic"]
[Date "2010.04.18"]
[Round "11.8"]
[White "Bachorik, Otto"]
[Black "Klima, Lukas"]
[Result "1/2-1/2"]
[WhiteElo "2143"]
[BlackElo "2433"]
[PlyCount "36"]
[EventDate "2009.11.07"]
[EventType "team-tourn"]
[EventRounds "11"]
[EventCountry "CZE"]
[SourceTitle "CBM 135 Extra"]
[Source "ChessBase"]
[SourceDate "2010.05.04"]
[SourceVersion "1"]
[SourceVersionDate "2010.05.04"]
[SourceQuality "1"]
[WhiteTeam "Ostrava"]
[BlackTeam "Novoborsky"]
[WhiteTeamCountry "CZE"]
[BlackTeamCountry "CZE"]

1. Nf3 Nf6 2. d4 g6 3. g3 Bg7 4. Bg2 d6 5. 0-0 0-0 6. c4 Nbd7 7. Nc3 e5 8. e3 Re8 9. b3 c6 10. Bb2 Qc7 11. Rc1 Nf8 12. c5 dxc5 13. dxe5 Ng4 14. Ne4 b6 15. Qd6 Qxd6 16. Nxd6 Re7 17. h3 Nxe5 18. Nxe5 Bxe5 1/2-1/2

[Event "CZE-chT1E 0910"]
[Site "Czech Republic"]
[Date "2009.12.13"]
[Round "5.7"]
[White "Bachorik, Otto"]
[Black "Dvoulety, Pavel"]
[Result "1-0"]
[WhiteElo "2143"]
[BlackElo "2092"]
[PlyCount "65"]
[EventDate "2009.11.15"]
[EventType "team-tourn"]
[EventRounds "11"]
[EventCountry "CZE"]
[SourceTitle "EXT 2011"]
[Source "ChessBase"]
[SourceDate "2010.11.26"]
[SourceVersion "1"]
[SourceVersionDate "2010.11.26"]
[SourceQuality "1"]
[WhiteTeam "Ostrava Geofin"]
[BlackTeam "Stare Mesto"]
[WhiteTeamCountry "CZE"]
[BlackTeamCountry "CZE"]

1. Nf3 d5 2. d4 Nf6 3. c4 e6 4. Nc3 c6 5. e3 Be7 6. Be2 0-0 7. 0-0 dxc4 8. Bxc4 Nbd7 9. Qe2 Qc7 10. Rd1 a6 11. e4 b5 12. Bb3 e5 13. Bg5 exd4 14. Nxd4 Re8 15. Rac1 Ne5 16. Bxf6 Bxf6 17. Nd5 Qd6 18. Nb6 c5 19. Nxc8 Raxc8 20. Nxb5 Qb8 21. Nd6 Red8 22. Nxc8 Rxc8 23. f4 Nc6 24. e5 Nd4 25. Rxd4 cxd4 26. Rxc8+ Qxc8 27. exf6 Qc1+ 28. Bd1 gxf6 29. g3 a5 30. Kg2 Kf8 31. Ba4 Qc5 32. Qe4 Qb4 33. Bb3 1-0